Asomor Nam-Talika Buronji (Record no. 4759)

MARC details
000 -LEADER
fixed length control field 00463cam a2200181ua 4500
001 - CONTROL NUMBER
control field 5602
005 - DATE AND TIME OF LATEST TRANSACTION
control field 20260515113918.0
008 - FIXED-LENGTH DATA ELEMENTS--GENERAL INFORMATION
fixed length control field 131005n ii |||gr||||Z||||||asm
040 ## - CATALOGING SOURCE
Transcribing agency MAIN
082 ## - DEWEY DECIMAL CLASSIFICATION NUMBER
Classification number 954.162
245 ## - TITLE STATEMENT
Title Asomor Nam-Talika Buronji
Statement of responsibility, etc. By Ripunath Burhagohaiyi
260 ## - PUBLICATION, DISTRIBUTION, ETC.
Place of publication, distribution, etc. Dibrugarh:
Name of publisher, distributor, etc. Banipur,
Date of publication, distribution, etc. 1986.
300 ## - PHYSICAL DESCRIPTION
Extent x,108p.
653 ## - INDEX TERM--UNCONTROLLED
Uncontrolled term History
653 ## - INDEX TERM--UNCONTROLLED
Uncontrolled term Asomor Na-Talika Buranji
700 ## - ADDED ENTRY--PERSONAL NAME
Personal name Burhagohaiyi,Ripunath,
Relator term Author.
942 ## - ADDED ENTRY ELEMENTS (KOHA)
Koha item type Books
Holdings
Withdrawn status Lost status Damaged status Not for loan Home library Current library Shelving location Date acquired Total checkouts Full call number Barcode Date last seen Copy number Price effective from Koha item type
        Naharkatiya College Library Naharkatiya College Library General stacks 09/19/2020   954.162 | BUR 3796 09/19/2020 1 09/19/2020 Books
        Naharkatiya College Library Naharkatiya College Library General stacks 09/19/2020   954.162 | BUR 3797 09/19/2020 2 09/19/2020 Books